| 000 | 00778nam a22001937a 4500 | ||
|---|---|---|---|
| 005 | 20260129145738.0 | ||
| 010 | _aHIN-130911 | ||
| 020 |
_a9789392176326 _c450.00 |
||
| 035 | _aHN-103257 | ||
| 037 | _bDBAD | ||
| 082 | _aउ | ||
| 100 |
_aराकेश कुमार सिंह _987042 |
||
| 245 |
_aजहाँ खिले हैं रक्तपलाश / _cराकेश कुमार सिंह |
||
| 250 | _aप्रथम | ||
| 260 |
_aनई दिल्ली _bनेशनल पेपरबैक्स _c2024 |
||
| 270 |
_a4230/1, अंसारी रोड , दरियागंज, _bनई दिल्ली _e110002 |
||
| 300 |
_a265पृ. _c22सेमी (सजिल्द) |
||
| 942 |
_adpl _cHN _2ddc _hउ _mराकेश |
||
| 999 |
_c214632 _d214632 |
||